Statistieken voor Communistisch Land Quiz

Klik hier om de quiz te nemen!

Algemene statistieken

  • Deze quiz is 104 keer genomen
  • De gemiddelde score is 13 van 26

Antwoordstatistieken

JarenLand% Correct
1922 - 1991Sovjet Unie
91%
1949 - huidigeChina
88%
1959 - huidigeCuba
81%
1948 - 2009Noord Korea
81%
1944 - 1989Polen
75%
1945 - 1976Noord Vietnam
73%
1947 - 1989Roemenië
72%
1976 - huidigeVietnam
72%
1949 - 1989Hongarije
67%
1946 - 1990Bulgarije
66%
1946 - 1992Albanië
58%
1945 - 1991Joegoslavië
57%
1975 - huidigeLaos
55%
1949 - 1990Oost-Duitsland
54%
1924 - 1992Mongolië
52%
1979 - 1989Cambodja
51%
1948 - 1990Tsjecho-Slowakije
48%
1978 - 1992Afghanistan
34%
1987 - 1991Ethiopië
25%
1975 - 1992Angola
24%
1975 - 1990Mozambique
21%
1969 - 1991Somalië
18%
1970 - 1991Rep. Van Congo
16%
1979 - 1983Grenada
9%
1975 - 1990Benin
4%
1967 - 1990Zuid-Jemen
4%

Scoreverdeling

Percentiel versus Aantal Correcte Antwoorden

Procent van Mensen met Elke Score

Uw Scoregeschiedenis

U heeft deze quiz nog niet genomen